LEADER 00943nam a2200229 i 4500 001 000000001507 003 CaOOAMICUS 005 20180830125435.0 008 180830s1969 it u000 u ita u 040 $aSeMil$bita 100 1 $aCatalano, Franco.$0(OLS)http://semarc/name/1357 245 10$aStato e società nei secoli :$bpagine di critica storica /$cFranco Catalano. 260 $aMessina ; Firenze :$bD'Anna,$c1969-1970. 300 $a4 v. ;$c23 cm. 650 4$aSocietà - Storia.$0(OLS)http://semarc/subject/538 774 0 $tEtà contemporanea.$g3$w()25364 774 0 $tEtà medioevale.$gVolume1$w()59594 774 0 $tEtà moderna.$gVolume2$w()205602 774 0 $tDal 1815 al 1915.$gVolume3$w()205604 774 0 $tDal 1915 al 1945.$gVolume3$w()205605 996 $6245$aStato e società nei secoli :$bpagine di critica storica$9(OLS)http://semarc/title/2448 996 $6260$aMessina ; Firenze :$bD'Anna$9(OLS)http://semarc/publisher/30286 LEADER 00880nam a2200217 i 4500 001 000000059249 003 CaOOAMICUS 005 20030120000000.0 008 030120s1897 it u000 u ita u 013 $a30421 040 $aSeMil$bita 245 10$aArchitettura sacra. 300 $aXVIII, 116 p., 4 c. di tav. :$bill. 500 $aTitolo desunto dall'indice del volume. 650 4$aArchitettura sacra.$0(OLS)http://semarc/subject/8020 700 1 $aJakob, Georg <1825-1903>.$0(OLS)http://semarc/name/4244 773 0 $aJakob, Georg <1825-1903>$tArte a servizio della Chiesa.$dPavia : Tipografia Privato Istituto Artigianelli, 1897-1901.$g1$w()8366 850 $aSeMil 852 $aSeMil$W1$xVenegono$y1$m3K IV 38 FA$j25402$B25402$CSeMilBibl$Z2$F25405 $8I 961 $aOmaggio: Biblioteca Seminario Saronno 996 $6245$aArchitettura sacra$9(OLS)http://semarc/title/92535 LEADER 00993nam a2200229 i 4500 001 000000067772 003 CaOOAMICUS 005 20040329000000.0 008 040329s1962 it u000 u ita u 013 $a38944 040 $aSeMil$bita 100 1 $aSchiavone, Michele.$0(OLS)http://semarc/name/6615 245 12$aL'etica del Rosmini e la sua fondazione metafisica /$cMichele Schiavone. 260 $aComo :$bC. Marzorati,$c1962. 300 $a200 p. ;$c22 cm. 490 0 $aCollana di studi filosofici rosminiani 650 4$aRosmini Serbati, Antonio - Etica e morale.$0(OLS)http://semarc/subject/4626 830 0$aCollana di studi filosofici rosminiani.$0(OLS)http://semarc/title/26450 850 $aSeMil 852 $aSeMil$W1$xVenegono$y1$m2O I 332$j33925$B33925$CSeMilBibl$Z2$F33928 $81 996 $6245$aL'etica del Rosmini e la sua fondazione metafisica$9(OLS)http://semarc/title/108056 996 $6260$aComo :$bC. Marzorati$9(OLS)http://semarc/publisher/33924